00502 a2200157 4500010001400000020002300014035001300037037001800050082001200068100001800080245007100098260003800169270009300207300002500300500001900325 aENG-85505 c165.00a817387185X aEN-69038 bD.B.Act / Pub14a616.4621 aShinde, Kunal1 aGet rid of diabetes with the hrlp of solar energycby Kunal Shinde aNew DelhibIndus Publishingc2006 aFS-5, Tagore GardenbNew Delhie110 027k011-25151333, 011-52133022mmail@indusbooks.com a174 p.c22 cm (Pbk.) aIncludes index